[Event "AUTO-OPEN-4650"]
[Site "http://www.queenalice.com/game.php?id=1872793"]
[Date "2026.5.2"]
[Round "1"]
[White "bmax"]
[Black "dosoldini"]
[Result "1-0"]
[WhiteElo "2285"]
[BlackElo "1652"]

1. d4 d5 2. Nf3 f6 3. e3 Bf5 4. c4 Nd7 5. cxd5 Be4 6. Nc3 c6 7. Nxe4 Qc7 8. dxc6
Qxc6 9. Nc3 Nh6 10. Bb5 Qc7 11. O-O a6 12. Ba4 O-O-O 13. d5 g5 14. e4 Rg8 15.
Be3 g4 16. Nd4 1-0

[Event "AUTO-OPEN-4650"]
[Site "http://www.queenalice.com/game.php?id=1872794"]
[Date "2026.5.2"]
[Round "1"]
[White "dosoldini"]
[Black "bmax"]
[Result "0-1"]
[WhiteElo "1639"]
[BlackElo "2269"]

1. e4 c6 2. Nc3 d5 3. d4 dxe4 4. Nxe4 Bf5 5. Bd3 Qxd4 6. Qh5 Bg6 7. Qe2 e6 8.
Nf3 Qd5 9. c4 Qa5+ 10. Bd2 Qc7 11. O-O Be7 12. h3 Nf6 13. g3 Nbd7 14. b4 O-O 15.
Bc3 Nb6 16. Nxf6+ Bxf6 17. Be5 Bxe5 18. Nxe5 Bxd3 19. Nxd3 Nxc4 20. Rac1 Nb6 21.
Rfe1 Rad8 22. b5 Rd6 23. Qc2 Rfd8 24. Re3 Rd5 25. Nf4 Rxb5 26. Qe4 Re5 27. Qf3
Rxe3 28. Qxe3 Nd5 29. Nxd5 exd5 30. Re1 h6 31. Qxa7 d4 32. Rc1 d3 33. Qe3 d2 34.
Rd1 Qd6 35. Kf1 c5 0-1

[Event "AUTO-OPEN-4651"]
[Site "http://www.queenalice.com/game.php?id=1873052"]
[Date "2026.5.8"]
[Round "1"]
[White "bmax"]
[Black "alvm"]
[Result "0-1"]
[WhiteElo "2262"]
[BlackElo "2200"]

1. d4 Nf6 2. Nf3 c5 3. e3 Nc6 4. d5 Nb8 5. c4 d6 6. Nc3 g6 7. e4 Bg7 8. Be2 O-O
9. O-O Nbd7 10. Ng5 h6 11. Nh3 Re8 12. f4 a6 13. Rf3 Rb8 14. Re3 Nf8 15. e5 N6h7
16. Qf1 e6 17. Bd2 dxe5 18. fxe5 exd5 19. Nxd5 Bxe5 20. Rb1 Bd4 21. Kh1 Bxe3 22.
Bxe3 Bxh3 23. gxh3 Qh4 24. Bf2 Qe4+ 25. Kg1 Qxe2 26. Qxe2 Rxe2 27. Bxc5 Ne6 28.
h4 Nxc5 0-1

[Event "AUTO-OPEN-4651"]
[Site "http://www.queenalice.com/game.php?id=1873075"]
[Date "2026.5.8"]
[Round "1"]
[White "game"]
[Black "bmax"]
[Result "0-1"]
[WhiteElo "1611"]
[BlackElo "2266"]

1. e4 c6 2. d4 d5 3. e5 Bf5 4. Nf3 e6 5. Nc3 c5 6. dxc5 Bxc5 7. Bf4 Ne7 8. Ng5
Ng6 9. Be3 Bxe3 10. fxe3 Qxg5 11. Qc1 O-O 12. Qd2 Nxe5 13. O-O-O Nc4 14. Bxc4
dxc4 15. h4 Qh5 16. g3 Nc6 17. Nb5 Rad8 18. Nd4 Bg4 19. Rde1 e5 20. Qc3 exd4 21.
exd4 Rxd4 22. Qa3 Qh6+ 23. Kb1 Qd2 24. c3 Qd3+ 25. Ka1 Rd5 26. Rh2 Qd1+ 27. Rxd1
Rxd1# 0-1

[Event "AUTO-OPEN-4651"]
[Site "http://www.queenalice.com/game.php?id=1873076"]
[Date "2026.5.8"]
[Round "1"]
[White "bmax"]
[Black "game"]
[Result "0-1"]
[WhiteElo "2289"]
[BlackElo "1561"]

1. d4 d5 2. Nf3 c6 3. e3 Bf5 4. c4 e6 5. Nc3 dxc4 6. Bxc4 Nf6 7. b3 Bb4 8. Bb2
O-O 9. a3 Bd6 10. O-O Nbd7 11. Re1 Ng4 12. e4 Bg6 13. Nh4 Bxh2+ 14. Kf1 Qxh4 0-1

[Event "AUTO-OPEN-4635"]
[Site "http://www.queenalice.com/game.php?id=1873124"]
[Date "2026.5.8"]
[Round "2"]
[White "bmax"]
[Black "Tonto"]
[Result "1-0"]
[WhiteElo "2273"]
[BlackElo "2004"]

1. d4 d5 2. Nf3 e6 3. e3 Be7 4. Bd3 Nf6 5. b3 O-O 6. Bb2 b6 7. O-O Ba6 8. c4
dxc4 9. bxc4 c5 10. e4 Nc6 11. e5 Nd7 12. d5 exd5 13. cxd5 Nb4 14. Bxa6 Nxa6 15.
d6 Bg5 16. Nc3 Nb4 17. Nxg5 Qxg5 18. a3 Nc6 19. f4 Qf5 20. Nd5 Kh8 21. Rf3 f6
22. Ne7 Nxe7 23. dxe7 Rf7 24. Qd5 Rff8 25. exf8=Q+ Rxf8 26. Rd1 Nb8 27. exf6
Qxd5 28. Rxd5 gxf6 29. Rg3 h6 30. h4 Nc6 31. Rd6 Nd4 32. Bxd4 cxd4 33. Rxd4 Rf7
34. h5 f5 35. Rd6 Kh7 36. Rgg6 b5 37. Rxh6+ Kg7 38. Rdg6+ Kf8 39. Rf6 a5 40.
Rxf7+ Kxf7 41. Ra6 1-0

[Event "AUTO-OPEN-4635"]
[Site "http://www.queenalice.com/game.php?id=1873125"]
[Date "2026.5.8"]
[Round "2"]
[White "Tonto"]
[Black "bmax"]
[Result "0-1"]
[WhiteElo "1961"]
[BlackElo "2270"]

1. e4 c6 2. Nf3 d5 3. e5 Bf5 4. Be2 e6 5. d4 c5 6. c3 Nc6 7. Be3 cxd4 8. cxd4
Qb6 9. b3 Nb4 10. Na3 Rc8 11. O-O a6 12. Nh4 Be4 13. Bf3 Bd3 14. Re1 Be7 15. g3
Bxh4 16. gxh4 Ne7 17. Bg5 Qxd4 18. Bxe7 Kxe7 19. Qd2 Qxh4 20. Rac1 g5 21. Rxc8
Rxc8 22. Re3 g4 23. Qxb4+ Ke8 24. Rxd3 gxf3 25. Nc4 Qg4+ 26. Kf1 Qg2+ 27. Ke1
Qg1+ 28. Kd2 Qxf2+ 29. Kc1 dxc4 30. bxc4 Qxh2 31. Kb1 f2 32. Rd1 Qxe5 33. Qa4+
Kf8 34. Qd7 Rxc4 35. Qd8+ Kg7 36. Qd2 Qe4+ 37. Kb2 Rb4+ 38. Kc1 Qb1# 0-1